[Event "World Rapid Women 2018"]
[Site "St Petersburg RUS"]
[Date "2018.12.28"]
[Round "10.40"]
[White "Mamedjarova, Zeinab"]
[Black "Molchanova, Tatjana"]
[Result "0-1"]
[WhiteTitle "WGM"]
[BlackTitle "WGM"]
[WhiteElo "2338"]
[BlackElo "2245"]
[WhiteFideId "13401521"]
[BlackFideId "4132203"]
[EventDate "2018.12.26"]

1. d4 Nf6 2. Nf3 e6 3. e3 d5 4. Bd3 Bd6 5. O-O O-O 6. b3 Nbd7 7. Bb2 Re8 8. c4
c6 9. Ne5 Qc7 10. f4 Ne4 11. Nd2 f5 12. Nxd7 Bxd7 13. Kh1 Rf8 14. Qe2 Qd8 15.
Rf3 Qh4 16. Raf1 Qh5 17. Bxe4 fxe4 18. R3f2 Qxe2 19. Rxe2 c5 20. h3 b5 21. Rd1
bxc4 22. Nxc4 dxc4 23. dxc5 c3 24. Rxd6 Bb5 25. Rc2 cxb2 26. Rxb2 Kf7 27. a4 Bd3
28. b4 Rfd8 29. Rxd8 Rxd8 30. b5 Ke7 31. Kh2 Rc8 32. b6 axb6 33. cxb6 Kd6 34. a5
Rb8 35. Rb4 Kc6 36. Kg3 Kb7 37. Rd4 Ka6 38. Rd7 Rb7 39. Rd6 Re7 40. Kh4 Kxa5 41.
b7 Rxb7 42. Rxe6 Rc7 43. g4 Kb4 44. Kg5 Kc3 45. f5 Kd2 46. Kf4 h6 47. h4 Rc1 48.
g5 Rf1+ 49. Ke5 hxg5 50. hxg5 Kxe3 51. Re7 Kd2 52. Rxg7 e3 53. Ra7 Rxf5+ 54. Kd4
e2 55. Ra2+ Bc2 0-1

[Event "World Rapid Women 2018"]
[Site "St Petersburg RUS"]
[Date "2018.12.28"]
[Round "10.41"]
[White "Fominykh, Maria"]
[Black "Buksa, Nataliya"]
[Result "1-0"]
[WhiteTitle "WGM"]
[BlackTitle "IM"]
[WhiteElo "2259"]
[BlackElo "2410"]
[WhiteFideId "4142411"]
[BlackFideId "14123622"]
[EventDate "2018.12.26"]

1. Nf3 d5 2. g3 Nf6 3. Bg2 e6 4. d3 c5 5. O-O Nc6 6. Nbd2 Be7 7. e4 Qc7 8. Re1
O-O 9. e5 Nd7 10. Qe2 b5 11. h4 Bb7 12. Nf1 d4 13. N1h2 a5 14. h5 c4 15. h6 g6
16. Bf4 Qb6 17. Ng4 Rac8 18. Bg5 Qc5 19. a4 Nb4 20. Bxe7 Qxe7 21. Nxd4 Bxg2 22.
Kxg2 cxd3 23. cxd3 bxa4 24. Rxa4 Qc5 25. Qe4 Qb6 26. Ra3 Nd5 27. Nb3 Rc2 28.
Nxa5 Qxb2 29. Rea1 Re2 30. Qf3 Nxe5 31. Nxe5 Qxe5 32. Nc4 Qg5 33. Ra8 f5 34.
Rxf8+ Kxf8 35. Ra8+ Kf7 36. Ra7+ Kf6 37. Rxh7 Ra2 38. Rh8 Ra1 39. Rf8+ Ke7 40.
h7 Qc1 41. Re8+ Kxe8 42. h8=Q+ Kd7 43. Ne5+ Kc7 44. Qg7+ Kb6 45. Nc4+ Ka6 46.
Qxa1+ Qxa1 47. Qe2 Nc7 48. Qe3 Qb1 49. Qc5 Qb7+ 50. Kh2 Nb5 51. Qb4 Qc6 52. Qa4+
Kb7 53. Na5+ 1-0

[Event "World Rapid Women 2018"]
[Site "St Petersburg RUS"]
[Date "2018.12.28"]
[Round "10.42"]
[White "Gritsayeva, Oksana"]
[Black "Belenkaya, Dina"]
[Result "1-0"]
[WhiteTitle "WFM"]
[BlackTitle "WGM"]
[WhiteElo "2378"]
[BlackElo "2338"]
[WhiteFideId "14104652"]
[BlackFideId "24142654"]
[EventDate "2018.12.26"]

1. e4 c6 2. Nc3 d5 3. Nf3 dxe4 4. Nxe4 Nf6 5. Nxf6+ exf6 6. d4 Bd6 7. Be3 O-O 8.
h3 f5 9. Be2 Nd7 10. Qd3 Nf6 11. g4 f4 12. Bd2 b5 13. O-O-O Nd5 14. h4 a5 15.
Ng5 f5 16. Bf3 h6 17. Bxd5+ cxd5 18. Qxb5 Bc7 19. Nf3 fxg4 20. Ne5 Rb8 21. Qe2
Qd6 22. Rde1 h5 23. Bc3 Bf5 24. Qd2 Bh7 25. a3 Rb7 26. Bxa5 Bxa5 27. Qxa5 Rfb8
28. b4 Rc8 29. c4 dxc4 30. d5 c3 31. Re2 Re7 32. Rhe1 f3 33. Re3 Rce8 34. Qc5
Qh6 35. d6 Rxe5 36. d7 Rxe3 37. Rxe3 Rxe3 38. Qxe3 Qxe3+ 39. fxe3 Bg6 40. d8=Q+
Kh7 41. Qf8 Be4 42. Qf4 Bg6 43. b5 Bd3 44. b6 c2 45. b7 g3 46. Qxf3 1-0

[Event "World Rapid Women 2018"]
[Site "St Petersburg RUS"]
[Date "2018.12.28"]
[Round "10.43"]
[White "Maletina, Tatiana"]
[Black "Bogumil, Tatiana"]
[Result "1-0"]
[WhiteTitle "WIM"]
[BlackTitle "WGM"]
[WhiteElo "2270"]
[BlackElo "2114"]
[WhiteFideId "24145084"]
[BlackFideId "4110579"]
[EventDate "2018.12.26"]

1. d4 Nf6 2. c4 c5 3. d5 b5 4. Qc2 bxc4 5. e4 d6 6. Bxc4 g6 7. Nc3 Bg7 8. Nf3
O-O 9. O-O Nfd7 10. Bf4 Ba6 11. Nb5 Nb6 12. Be2 Bb7 13. Rad1 Na6 14. a3 Nc7 15.
Nc3 Qc8 16. Qd2 Rd8 17. Bg5 Rd7 18. Bh6 Bh8 19. Ng5 Qe8 20. Nb5 a6 21. Nxc7 Rxc7
22. Qa5 Bc8 23. Qxb6 Rb7 24. Qc6 Qd8 25. b4 Raa7 26. Qa4 Bd7 27. Qb3 a5 28. Qf3
f6 29. Ne6 Bxe6 30. dxe6 axb4 31. axb4 Rxb4 32. e5 Rd4 33. Rxd4 cxd4 34. exd6
Qxd6 35. Rc1 Qd8 36. Bb5 f5 37. Bd7 Be5 38. g3 Ra8 39. Qd5 Bf6 40. Kg2 Rb8 41.
Rc4 Qb6 42. Rc8+ Rxc8 43. Bxc8 Qc7 44. Ba6 Qb6 45. Qa8+ 1-0

[Event "World Rapid Women 2018"]
[Site "St Petersburg RUS"]
[Date "2018.12.28"]
[Round "10.44"]
[White "Skripchenko, Almira"]
[Black "Injac, Teodora"]
[Result "1-0"]
[WhiteTitle "IM"]
[BlackTitle "WIM"]
[WhiteElo "2408"]
[BlackElo "2325"]
[WhiteFideId "13900145"]
[BlackFideId "932400"]
[EventDate "2018.12.26"]

1. e4 e6 2. d4 d5 3. exd5 exd5 4. Nf3 Nf6 5. Bd3 c5 6. O-O c4 7. Re1+ Be7 8. Bf1
O-O 9. b3 cxb3 10. axb3 Nc6 11. Ne5 Be6 12. Nxc6 bxc6 13. Ba3 Bxa3 14. Rxa3 a5
15. Nc3 Qd6 16. Ra2 Nd7 17. Qd2 Rfe8 18. Rea1 Qb4 19. Ra4 Qb6 20. b4 Rac8 21.
bxa5 Qa7 22. h3 Bf5 23. R4a2 Nf6 24. a6 Rb8 25. Qf4 Bg6 26. Rd1 h6 27. Qd6 Re6
28. Qc5 Qxc5 29. dxc5 Nd7 30. Na4 Ree8 31. a7 Rb4 32. c3 Rb3 33. c4 Ra8 34. cxd5
cxd5 35. c6 Ne5 36. c7 Rb7 37. Nb6 Rxb6 38. c8=Q+ Rxc8 39. a8=Q Rxa8 40. Rxa8+
Kh7 41. Rd8 Be4 42. f3 Bg6 43. R1xd5 f6 44. f4 Nf7 45. R8d7 f5 46. Bd3 Rf6 47.
Kf2 Kg8 48. Rd4 Kh7 49. Bc4 Bh5 50. Ke3 g5 51. Bxf7 Bxf7 52. R4d6 Kg6 53. Rxf6+
Kxf6 54. Rd6+ Be6 55. Rb6 Kf7 56. g3 Ke7 57. Kd4 Kf6 58. Ra6 gxf4 59. gxf4 h5
60. h4 1-0

[Event "World Rapid Women 2018"]
[Site "St Petersburg RUS"]
[Date "2018.12.28"]
[Round "10.45"]
[White "Gvanceladze, Anna"]
[Black "Haussernot, Cecile"]
[Result "0-1"]
[WhiteTitle "WFM"]
[BlackTitle "WIM"]
[WhiteElo "2264"]
[BlackElo "2196"]
[WhiteFideId "4113721"]
[BlackFideId "601632"]
[EventDate "2018.12.26"]

1. e4 c5 2. Nf3 d6 3. Bb5+ Nd7 4. c3 a6 5. Ba4 b5 6. Bc2 Bb7 7. O-O Ngf6 8. Qe2
e6 9. d4 Be7 10. a4 Qb6 11. axb5 axb5 12. Rxa8+ Bxa8 13. Na3 c4 14. b3 cxb3 15.
Bxb3 Nxe4 16. Nxb5 Nxc3 17. Nxc3 Qxb3 18. Bd2 O-O 19. Qd3 Nf6 20. Rb1 Qa3 21.
Qe3 Qa6 22. Ng5 Qc6 23. Qh3 h6 24. Nf3 Ne4 25. Nxe4 Qxe4 26. Re1 Qd3 27. Be3 Bf6
28. Qg4 Kh8 29. h4 Rc8 30. h5 Bd5 31. Kh2 Rb8 32. Rc1 Be4 33. Rc7 Bf5 34. Qg3
Qd1 35. Qxd6 Rb1 36. Kg3 Qh1 37. Rxf7 Rg1 38. Qf8+ Kh7 39. Bxh6 Qxg2+ 40. Kf4
Qg4+ 41. Ke3 Qe4+ 42. Kd2 Qd3# 0-1

[Event "World Rapid Women 2018"]
[Site "St Petersburg RUS"]
[Date "2018.12.28"]
[Round "10.46"]
[White "Vo, Thi Kim Phung"]
[Black "Geller, Anastasiya"]
[Result "1-0"]
[WhiteTitle "WGM"]
[BlackTitle "WFM"]
[WhiteElo "2352"]
[BlackElo "2187"]
[WhiteFideId "12401838"]
[BlackFideId "24119059"]
[EventDate "2018.12.26"]

1. d4 d5 2. c4 e6 3. Nc3 Nf6 4. cxd5 exd5 5. Bg5 Nbd7 6. e3 c6 7. Bd3 h6 8. Bh4
Be7 9. Nge2 O-O 10. O-O Ne4 11. Bxe7 Qxe7 12. Bxe4 dxe4 13. d5 Nf6 14. dxc6 bxc6
15. Ng3 Ba6 16. Re1 Rab8 17. Qa4 Bd3 18. b3 c5 19. Rac1 Rfc8 20. Qa3 Ng4 21. h3
Ne5 22. Red1 Qb7 23. Na4 c4 24. Nf5 Rd8 25. bxc4 Qb4 26. Qc3 Qxc3 27. Nxc3 Bxc4
28. Rxd8+ Rxd8 29. Nxe4 Bd3 30. Neg3 h5 31. Nd4 g6 32. Rc7 a6 33. Rc5 f6 34. f4
Nf7 35. h4 Rb8 36. Rc3 Rb1+ 37. Kf2 Rb2+ 38. Kf3 Bb1 39. Rb3 Rxb3 40. axb3 Nd6
41. e4 Kf7 42. Ke3 Nb7 43. Nge2 f5 44. exf5 Bxf5 45. Nxf5 gxf5 46. Kd4 Ke6 47.
Ng3 Na5 48. b4 1-0

[Event "World Rapid Women 2018"]
[Site "St Petersburg RUS"]
[Date "2018.12.28"]
[Round "10.47"]
[White "Goltseva, Ekaterina"]
[Black "Nomin-Erdene, Davaademberel"]
[Result "0-1"]
[WhiteTitle "WFM"]
[BlackTitle "IM"]
[WhiteElo "2153"]
[BlackElo "2376"]
[WhiteFideId "24173770"]
[BlackFideId "4900782"]
[EventDate "2018.12.26"]

1. d4 f5 2. c4 Nf6 3. Nf3 g6 4. e3 Bg7 5. b4 c6 6. Bb2 Na6 7. a3 Nc7 8. Be2 O-O
9. O-O d5 10. Nbd2 Ne6 11. Qc2 f4 12. e4 Nc7 13. cxd5 cxd5 14. e5 Ng4 15. Nb3
Nh6 16. Rac1 Ne6 17. Nc5 Nf5 18. a4 h6 19. Nxe6 Bxe6 20. Qc7 Qe8 21. Bb5 Qf7 22.
Bd7 Rab8 23. b5 g5 24. h3 Rfd8 25. Bxe6 Qxe6 26. Qa5 Qg6 27. Rc7 h5 28. Rxb7 g4
29. hxg4 hxg4 30. Ne1 Rbc8 31. Qa6 e6 32. b6 Nh4 33. Qd3 Qh5 34. bxa7 f3 35. Rb3
fxg2 36. Qg3 gxf1=Q+ 37. Kxf1 Nf5 38. Qg2 Rf8 39. Ba3 Rf7 40. Bc5 g3 41. f3 Bf8
42. Bxf8 Rcxf8 43. Kg1 Rxa7 44. Rb6 Rh7 45. Rxe6 Qh2+ 46. Kf1 Ne3+ 0-1

[Event "World Rapid Women 2018"]
[Site "St Petersburg RUS"]
[Date "2018.12.28"]
[Round "10.48"]
[White "Lysenko, Margarita"]
[Black "Murashova, Ekaterina"]
[Result "0-1"]
[WhiteTitle "WFM"]
[BlackTitle "WIM"]
[WhiteElo "2190"]
[BlackElo "2259"]
[WhiteFideId "34100200"]
[BlackFideId "4171985"]
[EventDate "2018.12.26"]

1. c4 Nf6 2. Nf3 e6 3. g3 d5 4. Bg2 Be7 5. O-O O-O 6. b3 c5 7. Bb2 Nc6 8. e3 b6
9. d3 Bb7 10. a3 dxc4 11. bxc4 Qc7 12. Nc3 Rfd8 13. Qe2 h6 14. Rad1 a6 15. Nd2
Rd7 16. f4 Na5 17. Nce4 Nxe4 18. Nxe4 f5 19. Nf2 Bxg2 20. Kxg2 b5 21. cxb5 axb5
22. Qh5 Bf8 23. Qg6 Qc6+ 24. Kg1 b4 25. axb4 cxb4 26. g4 Rf7 27. e4 Ra6 28. Rc1
Qb7 29. Qh5 Nb3 30. Rcd1 Ra2 31. Be5 Nd2 32. Rxd2 Rxd2 33. g5 b3 34. gxh6 b2 35.
Rb1 Qa7 36. Qh4 Bc5 37. hxg7 Bxf2+ 0-1

[Event "World Rapid Women 2018"]
[Site "St Petersburg RUS"]
[Date "2018.12.28"]
[Round "10.49"]
[White "Gevorgyan, Maria"]
[Black "Garifullina, Leya"]
[Result "0-1"]
[WhiteTitle "WIM"]
[BlackTitle "WCM"]
[WhiteElo "2228"]
[BlackElo "2132"]
[WhiteFideId "13300270"]
[BlackFideId "34127035"]
[EventDate "2018.12.26"]

1. e4 c5 2. Nc3 e6 3. Nf3 d6 4. d4 cxd4 5. Nxd4 Nf6 6. f3 Be7 7. Be3 O-O 8. Qd2
Nc6 9. O-O-O a6 10. g4 Qc7 11. h4 Nd7 12. f4 Nxd4 13. Bxd4 b5 14. h5 b4 15. Na4
e5 16. fxe5 dxe5 17. Be3 Rd8 18. Qf2 Bb7 19. Bd3 Rf8 20. g5 Bc6 21. Nb6 Nxb6 22.
Bxb6 Bxg5+ 23. Kb1 Qb7 24. Rhg1 h6 25. Rxg5 hxg5 26. h6 Bxe4 27. Bc4 Qc6 28.
hxg7 Kxg7 29. Bc5 Qf6 30. Bxf8+ Rxf8 31. Qd2 Qf4 32. Qd6 Bxc2+ 33. Kxc2 Qxc4+
34. Kb1 Qe4+ 35. Ka1 Qf4 36. Qxa6 Rd8 37. Rf1 Qf3 38. Rc1 Rd1 39. Qc4 Rxc1+ 40.
Qxc1 Qf4 41. Qe1 g4 42. a4 bxa3 43. bxa3 g3 44. Qe2 e4 45. Kb1 Qf3 46. Qb2+ Kg6
47. Qb6+ f6 48. Qe6 g2 49. Qg8+ Kf5 50. Qd5+ Kf4 51. Qd6+ Kg5 52. Qc5+ Kh4 53.
Kc2 Qf1 54. Qe3 Qd3+ 0-1

[Event "World Rapid Women 2018"]
[Site "St Petersburg RUS"]
[Date "2018.12.28"]
[Round "10.50"]
[White "Iljushina, Olga"]
[Black "Khomeriki, Nino"]
[Result "0-1"]
[WhiteTitle "WGM"]
[BlackTitle "WIM"]
[WhiteElo "2259"]
[BlackElo "2347"]
[WhiteFideId "4152280"]
[BlackFideId "13603191"]
[EventDate "2018.12.26"]

1. d4 Nf6 2. c4 c5 3. d5 e6 4. Nc3 exd5 5. cxd5 d6 6. g3 g6 7. Bg2 Bg7 8. Nf3
O-O 9. O-O Nbd7 10. Bf4 Qe7 11. Qd2 a6 12. a4 Re8 13. Rfe1 Rb8 14. e4 Ng4 15. a5
b5 16. axb6 Rxb6 17. Bg5 Bf6 18. Bxf6 Qxf6 19. Ra4 Rb4 20. Rxb4 cxb4 21. Nd1 a5
22. Nd4 Nc5 23. f4 Ba6 24. h3 Nd3 25. Nc6 Nxe1 26. Qxe1 Nh6 27. Qd2 Nf5 28. g4
Ng3 29. e5 Qxf4 30. Qxf4 Ne2+ 31. Kf2 Nxf4 32. exd6 Bc8 33. Ne3 Nd3+ 34. Ke2
Nxb2 35. Nxa5 Bd7 36. Kd2 f5 37. gxf5 gxf5 38. Nc6 f4 39. Ng4 Bxg4 40. hxg4 Nc4+
41. Kd3 Nxd6 42. Nxb4 Re3+ 43. Kd2 Nc4+ 44. Kd1 f3 45. Bf1 Nd6 46. Nc2 Re5 47.
Nb4 Re4 48. Nd3 Rxg4 49. Ne5 Rg1 50. Ke1 Rg5 51. Nxf3 Rxd5 52. Kf2 Kg7 53. Be2
h5 54. Kg3 Kh6 55. Kh3 Ne4 56. Bc4 Rc5 57. Bg8 Ng5+ 58. Nxg5 Kxg5 59. Be6 Rc3+
60. Kg2 Kf4 61. Bd7 Rg3+ 62. Kh2 Rd3 63. Bc8 Rc3 64. Bd7 Kg5 65. Kg2 Kh4 66. Bf5
Rg3+ 67. Kh2 Rf3 68. Bg6 Rf2+ 69. Kg1 Rb2 70. Be8 Kg3 0-1

[Event "World Rapid Women 2018"]
[Site "St Petersburg RUS"]
[Date "2018.12.28"]
[Round "10.51"]
[White "Shaydullina, Sandugach"]
[Black "Charochkina, Daria"]
[Result "1/2-1/2"]
[WhiteTitle "WGM"]
[BlackTitle "IM"]
[WhiteElo "2033"]
[BlackElo "2344"]
[WhiteFideId "4140389"]
[BlackFideId "4180917"]
[EventDate "2018.12.26"]

1. d4 f5 2. c4 Nf6 3. Nf3 e6 4. Nc3 Bb4 5. Qb3 a5 6. g3 O-O 7. Bg2 Nc6 8. O-O
Bxc3 9. Qxc3 b6 10. Ne5 Bb7 11. Nxc6 Bxc6 12. Bxc6 dxc6 13. Bg5 Qd7 14. Bxf6
Rxf6 15. Rad1 f4 16. Rd3 Raf8 17. c5 Qd5 18. Qb3 Qh5 19. cxb6 cxb6 20. gxf4 Qxe2
21. Re3 Qh5 22. Rg3 b5 23. Qc3 Qd5 24. Qxa5 Rxf4 25. Qc7 R4f7 26. Qe5 Qxa2 27.
Kh1 Qd5+ 28. Qxd5 exd5 29. Kg2 Rf4 30. Rd3 R8f6 31. f3 Re6 32. Rf2 Kf7 33. Rc2
Ke7 34. Kg3 Rf5 35. Ra3 Rg6+ 36. Kf2 Rh5 37. Ke3 Re6+ 38. Kd3 Rh3 39. Ra7+ Kd6
40. Rf2 g5 41. Rg7 h6 42. Rf7 h5 43. Rf5 g4 44. Kd2 gxf3 45. R5xf3 Rxf3 46. Rxf3
Re4 47. Kd3 h4 48. Rf6+ Kc7 49. h3 b4 50. b3 Kb6 51. Rf5 Re1 52. Rf4 c5 53.
dxc5+ Kxc5 54. Rxh4 Rg1 55. Kc2 Rg2+ 56. Kc1 Rh2 57. Kb1 Kd6 58. Rh5 Ke6 59. Kc1
Rf2 60. Rh4 Ke5 61. Rxb4 d4 62. Rc4 Ke4 63. Rc2 Rf1+ 64. Kd2 Rh1 65. b4 Rxh3 66.
b5 Rb3 67. Rc5 Rb4 68. Rh5 Rb2+ 69. Kc1 Rb3 70. Kc2 Rb4 71. Kd2 Rb1 72. Kc2 Rb4
73. Kd2 Rb2+ 1/2-1/2

[Event "World Rapid Women 2018"]
[Site "St Petersburg RUS"]
[Date "2018.12.28"]
[Round "10.52"]
[White "Tomashevskaya, Lidia"]
[Black "Lelekova, Olga"]
[Result "0-1"]
[WhiteTitle "WIM"]
[BlackTitle "WIM"]
[WhiteElo "2123"]
[BlackElo "2261"]
[WhiteFideId "4113110"]
[BlackFideId "4164903"]
[EventDate "2018.12.26"]

1. e4 c5 2. Nc3 Nc6 3. g3 g6 4. Bg2 Bg7 5. d3 d6 6. Nge2 Nf6 7. O-O O-O 8. h3 a6
9. Be3 Rb8 10. Qd2 b5 11. Bh6 b4 12. Nd1 e5 13. Bxg7 Kxg7 14. f4 Nh5 15. g4 Nxf4
16. Nxf4 exf4 17. Qxf4 Nd4 18. Rf2 Be6 19. Ne3 Nc6 20. Nf5+ gxf5 21. exf5 Ne5
22. fxe6 fxe6 23. Qg3 Qg5 24. Raf1 a5 25. c3 c4 26. d4 Nf7 27. h4 Qg6 28. g5
bxc3 29. Qxc3 d5 30. Rf6 Qh5 31. Rxe6 Qxh4 32. Qd2 Nxg5 33. Re7+ Kh6 34. Rfe1
Rf6 35. Bxd5 Rbf8 36. Qh2 Nh3+ 37. Kh1 Rf1+ 38. Kg2 R1f2+ 0-1

[Event "World Rapid Women 2018"]
[Site "St Petersburg RUS"]
[Date "2018.12.28"]
[Round "10.53"]
[White "Makarenko, Alexandra"]
[Black "Arutyunova, Diana"]
[Result "0-1"]
[WhiteTitle "WIM"]
[BlackTitle "WGM"]
[WhiteElo "2228"]
[BlackElo "2227"]
[WhiteFideId "4165055"]
[BlackFideId "14107244"]
[EventDate "2018.12.26"]

1. e4 d6 2. d4 Nf6 3. Nc3 c6 4. f3 Qa5 5. Be3 e5 6. Ne2 Be7 7. g4 b5 8. g5 Nfd7
9. Qd2 b4 10. Nd1 d5 11. Bg2 dxe4 12. fxe4 Ba6 13. d5 Bc5 14. O-O Qb6 15. Kh1
O-O 16. Rf3 cxd5 17. exd5 f5 18. gxf6 Nxf6 19. c3 Nbd7 20. cxb4 Qxb4 21. Ndc3
Rab8 22. Rb1 e4 23. Rg3 Bd3 24. Bxc5 Qxc5 25. Qg5 g6 26. Rc1 Qd6 27. Nf4 Ne5 28.
Nxd3 Nxd3 29. Rf1 Rxb2 30. Nd1 Rb5 31. Ne3 Nh5 32. Rxf8+ Qxf8 33. Qxh5 Rb1+ 34.
Bf1 Rxf1+ 35. Kg2 Qf2+ 36. Kh3 Nf4+ 37. Kg4 Nxh5 38. Nxf1 Qxf1 39. Rb3 Qf5+ 40.
Kh4 Nf6 41. Rb8+ Kg7 0-1

[Event "World Rapid Women 2018"]
[Site "St Petersburg RUS"]
[Date "2018.12.28"]
[Round "10.54"]
[White "Semenova, Elena1"]
[Black "Sukhareva, Evgeniya"]
[Result "1-0"]
[WhiteTitle "WIM"]
[WhiteElo "2260"]
[BlackElo "2126"]
[WhiteFideId "24125148"]
[BlackFideId "4167155"]
[EventDate "2018.12.26"]

1. e4 g6 2. d4 Bg7 3. Nc3 d6 4. f4 Nf6 5. Nf3 O-O 6. e5 dxe5 7. fxe5 Nd5 8. Bc4
c6 9. O-O Na6 10. h3 Nac7 11. Ne4 h6 12. a3 Be6 13. Bd3 b5 14. Nc5 Bc8 15. Qe1
e6 16. b3 Ne7 17. Be4 Ncd5 18. Bd2 Nf5 19. c3 Re8 20. g4 Nfe7 21. Qh4 h5 22.
gxh5 Nf5 23. Qf2 gxh5 24. Kh1 h4 25. Bxf5 exf5 26. c4 bxc4 27. bxc4 Nb6 28. Rg1
Kh8 29. Rxg7 Kxg7 30. Rg1+ Kh8 31. Qe3 f4 32. Qxf4 1-0

[Event "World Rapid Women 2018"]
[Site "St Petersburg RUS"]
[Date "2018.12.28"]
[Round "10.55"]
[White "Afonasieva, Anna"]
[Black "Utiatskaja, Irina"]
[Result "1-0"]
[WhiteTitle "WFM"]
[BlackTitle "WIM"]
[WhiteElo "2207"]
[BlackElo "2246"]
[WhiteFideId "24173606"]
[BlackFideId "24140848"]
[EventDate "2018.12.26"]

1. d4 Nf6 2. Nf3 g6 3. g3 Bg7 4. Bg2 O-O 5. O-O d6 6. c4 Nc6 7. Nc3 e5 8. d5 Nb8
9. h3 a5 10. e4 Na6 11. Be3 b6 12. Ne1 Nc5 13. Nd3 Nfd7 14. Qd2 f5 15. f4 fxe4
16. Nxe4 Nxe4 17. Bxe4 exf4 18. Nxf4 Ne5 19. Rac1 Qe7 20. Bg2 Bd7 21. b3 Rae8
22. Rce1 Qd8 23. Kh2 Rf7 24. Ne6 Bxe6 25. dxe6 Rxf1 26. Rxf1 Bf6 27. Bd5 Qe7 28.
Bf4 c6 29. Bxe5 Bxe5 30. Bxc6 Rf8 31. Rxf8+ Qxf8 32. Bd5 Kg7 33. Kg2 Qf6 34. Qe3
Bd4 35. e7 1-0

[Event "World Rapid Women 2018"]
[Site "St Petersburg RUS"]
[Date "2018.12.28"]
[Round "10.56"]
[White "Strutinskaia, Galina"]
[Black "Loskutova, Viktoriya"]
[Result "1-0"]
[WhiteTitle "WGM"]
[BlackTitle "WFM"]
[WhiteElo "2201"]
[BlackElo "2105"]
[WhiteFideId "4108558"]
[BlackFideId "34166278"]
[EventDate "2018.12.26"]

1. d4 d5 2. c4 e6 3. Nc3 Bb4 4. e3 Nf6 5. Bd2 O-O 6. Nge2 c6 7. Ng3 b6 8. a3 Bd6
9. b4 Nbd7 10. c5 bxc5 11. bxc5 Be7 12. f4 Ne8 13. Qa4 Qc7 14. Na2 Bb7 15. Ba5
Qc8 16. Nb4 f6 17. Bd3 g6 18. O-O Ng7 19. Rab1 Re8 20. Rf2 Bf8 21. Rfb2 Rb8 22.
Qc2 e5 23. fxe5 fxe5 24. Bxg6 hxg6 25. Qxg6 Re6 26. Qg4 Nf6 27. Qd1 Nd7 28. Nd3
e4 29. Nf4 Re8 30. Ngh5 Nxh5 31. Qxh5 Ba6 32. Qg5+ Kh7 33. Qg6+ Kh8 34. Qf7 Bg7
35. Ng6+ Kh7 36. Ne7 Rxb2 37. Qh5+ 1-0

[Event "World Rapid Women 2018"]
[Site "St Petersburg RUS"]
[Date "2018.12.28"]
[Round "10.57"]
[White "Belova, Olga"]
[Black "Stetsko, Lanita"]
[Result "0-1"]
[WhiteTitle "WFM"]
[BlackTitle "FM"]
[WhiteElo "2069"]
[BlackElo "2194"]
[WhiteFideId "4138422"]
[BlackFideId "13505300"]
[EventDate "2018.12.26"]

1. e4 e5 2. Nf3 Nc6 3. Bb5 a6 4. Ba4 Nf6 5. O-O Be7 6. Re1 b5 7. Bb3 d6 8. c3
O-O 9. h3 Na5 10. Bc2 c5 11. d4 Qc7 12. Nbd2 cxd4 13. cxd4 Rd8 14. d5 Bd7 15.
Nf1 Rdc8 16. Bd3 Nb7 17. Ng3 Nc5 18. Bf1 b4 19. Bd2 a5 20. Rc1 Qb7 21. Bg5 Bd8
22. Nd2 h6 23. Bxf6 Bxf6 24. Nc4 Be7 25. Nf5 Bxf5 26. exf5 Nd7 27. f4 Bh4 28.
Re3 exf4 29. Re4 Nf6 30. Rd4 Rd8 31. Rc2 Bg3 32. Qf3 Rac8 33. Rcd2 Rc5 34. b3
Qd7 35. Bd3 Re8 36. Be4 Nxe4 37. Rxe4 Rxe4 38. Qxe4 Rc8 39. Re2 a4 40. Qb1 axb3
41. axb3 Qa7+ 42. Kh1 Ra8 43. Nxd6 Qd7 44. Ne4 Qxf5 45. d6 f3 46. gxf3 Bxd6 47.
Rg2 Be5 48. Ra2 Qxf3+ 49. Kg1 Rxa2 50. Qxa2 Qxe4 0-1

[Event "World Rapid Women 2018"]
[Site "St Petersburg RUS"]
[Date "2018.12.28"]
[Round "10.58"]
[White "Kirchei, Viktoriia"]
[Black "Tsatsalashvili, Keti"]
[Result "0-1"]
[BlackTitle "WGM"]
[WhiteElo "1972"]
[BlackElo "2303"]
[WhiteFideId "34133396"]
[BlackFideId "13603434"]
[EventDate "2018.12.26"]

1. e4 c5 2. Nf3 d6 3. d4 cxd4 4. Qxd4 Nc6 5. Bb5 Bd7 6. Qd3 e5 7. O-O h6 8. c4
Nf6 9. Nc3 Be7 10. b3 a6 11. Bxc6 bxc6 12. Ba3 c5 13. Rad1 O-O 14. Bc1 Kh7 15.
h3 Qc8 16. Nh2 Be6 17. Ne2 Qb7 18. Ng3 g5 19. f3 Ne8 20. Ng4 Ng7 21. Ne3 f6 22.
Kf2 h5 23. Ne2 h4 24. g4 hxg3+ 25. Nxg3 Rh8 26. Rh1 Kg8 27. Nd5 Rd8 28. Kg2 Kf7
29. Rh2 Rh4 30. Rdh1 Rdh8 31. Ne3 Qc8 32. Ng4 f5 33. exf5 Nxf5 34. Ne4 R4h5 35.
Bb2 Nh4+ 36. Kf2 Rd8 37. Ng3 Rhh8 38. Qe4 Ng6 39. Ne2 Bf5 40. Qd5+ Qe6 41. Qxe6+
Bxe6 42. Kg3 Nf4 43. Nc3 Rh7 44. Ne4 Rdh8 45. Bc1 Bf5 46. Nef2 Ke6 47. Ne3 Bg6
48. Nfg4 Nh5+ 49. Kf2 Nf4 50. Kg3 Bd8 51. Ng2 Ne2+ 52. Kf2 Nxc1 53. Rxc1 Rxh3
54. Rxh3 Rxh3 55. N2e3 e4 56. fxe4 Bxe4 57. Re1 Ba5 58. Rd1 Rf3+ 59. Kg1 Bc3 60.
Kh2 Bd4 61. Ng2 Rf8 62. Re1 Be5+ 63. Nxe5 Kxe5 64. Re2 Rf3 65. Ne3 Kd4 66. Ng4
Rc3 67. Nf2 Bf5 68. Rd2+ Ke5 69. Re2+ Kf6 70. Rd2 Rc2 71. Ng4+ Ke6 72. Rxc2 Bxc2
73. Ne3 Bb1 74. a3 Ke5 75. Kg3 Kd4 76. Nd5 Ba2 77. Ne7 Bxb3 78. Nf5+ Kxc4 79.
Nxd6+ Kd5 80. Nf5 Ke5 81. Ne3 Ke4 82. Nf1 Kd3 83. Kf2 c4 84. Ke1 c3 85. Ng3 c2
86. Ne2 g4 87. Nc1+ Kc3 88. Ke2 Bc4+ 89. Ke3 Kb2 90. Kd2 g3 91. Ke1 Kxc1 0-1

[Event "World Rapid Women 2018"]
[Site "St Petersburg RUS"]
[Date "2018.12.28"]
[Round "10.59"]
[White "Bezgodova, Svetlana"]
[Black "Maroroa, Sue"]
[Result "1-0"]
[WhiteTitle "WIM"]
[BlackTitle "WIM"]
[WhiteElo "2046"]
[BlackElo "2120"]
[WhiteFideId "4110650"]
[BlackFideId "4301498"]
[EventDate "2018.12.26"]

1. Nf3 Nf6 2. g3 g6 3. b3 Bg7 4. Bb2 b6 5. Bg2 Bb7 6. O-O O-O 7. c4 d6 8. d4 c5
9. Nc3 cxd4 10. Nxd4 Bxg2 11. Kxg2 Qc8 12. Qd2 Nc6 13. Nc2 Qb7 14. f3 Rad8 15.
e4 e6 16. Ne3 h5 17. Rad1 Rd7 18. Qf2 Rfd8 19. Rd2 d5 20. cxd5 exd5 21. Ncxd5
Nxd5 22. Nxd5 Bxb2 23. Rxb2 Rxd5 24. exd5 Rxd5 25. Re2 Rf5 26. Re8+ Kh7 27. Rfe1
a5 28. Qb2 f6 29. Qc3 Ne5 30. Re3 Qd7 31. Qc8 Qd2+ 32. Kh3 Nf7 33. R3e7 Rxf3 34.
Rh8+ 1-0